Net photosynthetic activity and its relationship with potential productivity of some selected Hevea clones (Record no. 63726)

MARC details
000 -LEADER
fixed length control field 00527nam a2200121Ia 4500
100 ## - MAIN ENTRY--AUTHOR NAME
Personal name Nugawela A
245 #0 - TITLE STATEMENT
Title Net photosynthetic activity and its relationship with potential productivity of some selected Hevea clones
260 ## - PUBLICATION, DISTRIBUTION, ETC. (IMPRINT)
Name of publisher Proceedings of the International Rubber Conference, Colombo, 1984, V1. Part 1; p19-46Proceedings of the International Rubber Conference, Colombo, 1984, V1. Part 1; p137-147
650 ## - SUBJECT ADDED ENTRY--TOPICAL TERM
Topical Term Hevea clones
700 ## - ADDED ENTRY--PERSONAL NAME
Personal name Aluthhewage R K
942 ## - ADDED ENTRY ELEMENTS (KOHA)
Koha item type Journals
Holdings
Withdrawn status Lost status Damaged status Not for loan Home library Current library Shelving location Date acquired Koha item type
      Journals RRII Library RRII Library Botany 17/12/2021 Journals